Iraqi Cities - Sudden Death - Statistics

General Stats
  • This quiz has been taken 83 times
  • The average score is 11 of 20
Answers on the Grid
Answers color-coded by a green-red scale on the quiz's grid according to % correct below.
Aden
Agadir
Amarah
Aqaba
Ardabil
Baghdad
Baku
Basra
Benghazi
Duhok
Edirne
Erbil
Fallujah
Gorgan
Halabja
Herat
Hillah
Homs‎
Kandahar
Karbala
Kirkuk
Konya
Kufa
Kut
Latakia
Luxor
Manisa
Misrata
Mosul
Muscat
Najaf
Najran
Nasiriyah
Oran
Ramadi
Samarra
Sanaa
Sulaymaniyah
Tikrit
Zakho
 
Answer Stats
Answer % Correct
Baghdad
92%
Erbil
79%
Basra
75%
Mosul
75%
Fallujah
73%
Kirkuk
63%
Tikrit
60%
Karbala
58%
Najaf
56%
Sulaymaniyah
54%
Nasiriyah
52%
Samarra
46%
Hillah
42%
Amarah
40%
Ramadi
40%
Duhok
38%
Kut
35%
Halabja
29%
Kufa
25%
Zakho
25%
No matching quizzes found
Score Distribution
Percent of People with Each Score
Percentile by Number Answered
Your Score History
You have not taken this quiz